| 000 | 00484cam a2200181ua 4500 | ||
|---|---|---|---|
| 020 | _c5.00 | ||
| 041 |
_aeng _h |
||
| 082 |
_a621.2 _bPRI/SO |
||
| 100 | _aPriyani, V B . | ||
| 245 |
_aSolutions to problems in a treatise on hydraulics and hydraulic machinery / _cV B Priyani. _hTextual Documents |
||
| 250 |
_a1 / _b. |
||
| 260 |
_aAnand : _bCharotar publishing house , _c1968. |
||
| 300 | _a109 ; . | ||
| 365 | _a5.00 | ||
| 504 | _a | ||
| 942 | _cBK | ||
| 999 |
_c9686 _d9686 |
||